Certification of building structural design in Scotland (Record no. 79209)
[ view plain ]
| 000 -LEADER | |
|---|---|
| fixed length control field | 01164cab a22002175a 4500 |
| 001 - CONTROL NUMBER | |
| control field | L140152 |
| 008 - FIXED-LENGTH DATA ELEMENTS--GENERAL INFORMATION | |
| fixed length control field | 070907e2007 xxk f 000 0 eng d |
| 022 ## - INTERNATIONAL STANDARD SERIAL NUMBER | |
| International Standard Serial Number | 09650911 |
| 035 ## - SYSTEM CONTROL NUMBER | |
| System control number | (Sirsi) u140152 |
| 041 0# - LANGUAGE CODE | |
| Language code of text/sound track or separate title | eng |
| 100 1# - MAIN ENTRY--PERSONAL NAME | |
| Personal name | Walker, Douglas |
| 245 00 - TITLE STATEMENT | |
| Title | Certification of building structural design in Scotland |
| 260 ## - PUBLICATION, DISTRIBUTION, ETC. | |
| Date of publication, distribution, etc. | 2007 |
| 490 #0 - SERIES STATEMENT | |
| Series statement | Proceedings of the Institution of Civil Engineers |
| -- | Structures and Buildings |
| Volume/sequential designation | 160(3) June 2007, 125-128(4) |
| 520 ## - SUMMARY, ETC. | |
| Summary, etc. | Discusses the building standards regulations introduced Scotland in 2005 and how this has radically changed the way in which design can be certified for building regulation compliance. Outlines roles and responsibilities and the scope of the certification scheme. Comments on the risks and liabilies. Concludes that the success of Scottish legislation and the introduction of similar certification both in Scotland and throughought the rest of the UK will depend on the success of this first design certification scheme. |
| 590 ## - LOCAL NOTE (RLIN) | |
| Local note | ka |
| 650 24 - SUBJECT ADDED ENTRY--TOPICAL TERM | |
| Topical term or geographic name entry element | BUILDING (SCOTLAND) REGULATIONS 2004 |
| 651 #4 - SUBJECT ADDED ENTRY--GEOGRAPHIC NAME | |
| Geographic name | Scotland |
| Chronological subdivision | 1999- |
| 690 ## - LOCAL SUBJECT ADDED ENTRY--TOPICAL TERM (OCLC, RLIN) | |
| Topical term or geographic name as entry element | BUILT ENVIRONMENT-BUILDING STANDARDS |
| 942 ## - ADDED ENTRY ELEMENTS (KOHA) | |
| Suppress in OPAC | 0 |
| Withdrawn status | Lost status | Source of classification or shelving scheme | Damaged status | Not for loan | Home library | Current library | Shelving location | Date acquired | Total Checkouts | Full call number | Barcode | Date last seen | Copy number | Price effective from | Koha item type |
|---|---|---|---|---|---|---|---|---|---|---|---|---|---|---|---|
| Dewey Decimal Classification | London | London | Journal article | 07/09/2007 | L140152 | 140152-1001 | 06/08/2019 | 1 | 06/08/2019 | Journal article |